|
|
|
|
| LEADER |
01176nam a2200265 a 4500 |
| 001 |
GR-MES10599 |
| 008 |
060831s nyu b 001 0 gre d |
| 020 |
|
|
|a 0273655876
|
| 040 |
|
|
|a GrPaTEI
|b gre
|c GR-PaULI
|
| 040 |
|
|
|a GrPaTEI
|b gre
|c GR-PaULI
|
| 082 |
|
0 |
|a 657
|2 21
|
| 100 |
1 |
|
|a Atrill, Peter
|
| 245 |
1 |
0 |
|a Financial accounting for non-specialists /
|c Peter Atrill / Eddie McLaney.
|
| 250 |
|
|
|a 3nd ed.
|
| 260 |
|
|
|a New York :
|b Prentice Hall,
|c 2002
|
| 300 |
|
|
|a xvi
|a 414σ. :
|b εικ. ;
|c 25εκ.
|
| 504 |
|
|
|a Περιλαμβάνει βιβλιογραφίες και ευρετήριο.
|
| 650 |
|
0 |
|a Accounting
|
| 650 |
|
4 |
|a Λογιστική
|
| 700 |
1 |
|
|a McLaney, Eddie
|
| 942 |
|
|
|2 ddc
|
| 952 |
|
|
|0 0
|1 0
|2 ddc
|4 0
|6 657_000000000000000_ATR
|7 0
|9 269971
|a MSLG
|b MSLG
|c BSC
|d 2021-01-17
|e 24
|f 0
|g 0.00
|l 0
|o 657 ATR
|p 2420000020454
|r 2021-01-17 00:00:00
|t 1
|w 2021-01-17
|y BK15
|x 20060831 0 1
|x GrPaTEI
|
| 952 |
|
|
|0 0
|1 0
|2 ddc
|4 0
|6 657_000000000000000_ATR
|7 0
|9 269972
|a MSLG
|b MSLG
|c BSC
|d 2021-01-17
|e 24
|f 0
|g 0.00
|l 0
|o 657 ATR
|p 2420000021765
|r 2021-01-17 00:00:00
|t 1
|w 2021-01-17
|y BK15
|x 20070515 0 ΜΑΤΣΙΩΡΗ 1
|x GrPaTEI
|
| 971 |
|
|
|a .b25766466
|b 01-10-20
|c 13-09-16
|
| 999 |
|
|
|c 155872
|d 155872
|